000 00707nam a22001937a 4500
999 _c17908
_d17908
003 OSt
005 20230127133641.0
008 230127b ||||| |||| 00| 0 eng d
040 _c0
082 _aDPer 910.46 T156 2019 v76PA-76PB
100 _aMorgan, Nigel.
_eauthor.
_947645
245 _aGender matters in hospitality :
_b(invited paper for 'luminaries' special issue of international journal of hospitality management) /
_cNigel Morgan, Annette Pritchard.
260 _aAmsterdam :
_b Elsevier,
_c©January 2019.
300 _av 76PB, pages 38-44.
650 _aHospitality industry.
_947646
700 _aMorgan, Nigel.
_eauthor.
_947645
700 _aPritchard, Annette.
_947647
942 _2ddc
_cPER